| 000 | 00843cam a2200313 i 4500 | ||
|---|---|---|---|
| 001 | 0000432 | ||
| 003 | DO-SdBNP | ||
| 005 | 20240708124337.0 | ||
| 007 | 0000432 | ||
| 008 | 100514s2005 ck || 000 f spa | ||
| 015 | _a | ||
| 017 |
_a _b |
||
| 020 | _a9587043316 | ||
| 035 | _a | ||
| 040 |
_aBPMSU _bspa _cBPMSU _e |
||
| 080 | _a | ||
| 082 | 4 |
_aCo863.44 _bR436l 2005 _222 |
|
| 100 | 1 |
_aRestrepo, Laura _d1950- |
|
| 245 | 1 | 0 |
_aLeopardo al sol / _cLaura Restrepo _h |
| 260 |
_aColombia: _bAguilar, _c2005. |
||
| 300 |
_a343 p. ; _c24 cm |
||
| 500 | _aIncluye datos biográficos del autor en la solapa de la cubierta | ||
| 590 | _aInventariado, 2024/VM | ||
| 650 | 4 | _aNovela colombiana | |
| 650 | 4 |
_aVenganza _vNovela |
|
| 650 | 4 | _aNovela amorosa colombiana | |
| 910 | _aVMateo V. Control de calidad. BPMAU | ||
| 942 |
_2ddc _cBK |
||
| 999 |
_c10516 _d10516 |
||